Vybrané otázky verejného záujmu v regionálnej hromadnej doprave osôb

Zameranie dopravnej politiky na úrovni miestnej verejnej správy v oblasti uplatňovania verejného záujmu. Výhľadové determinanty verejného záujmu z hľadiska zodpovednosti za jeho napĺňanie. Vzťahové parametre dopravného trhu. Možnosti zo strany dopravcu a objednávateľa.

Salvato in:
Dettagli Bibliografici
Autore principale: Hreusík, Stanislav
Altri autori: Štefániková, Mária
Natura: Capitolo di libro
Lingua:slovacco
Soggetti:
Tags: Aggiungi Tag
Nessun Tag, puoi essere il primo ad aggiungerne!!

MARC

LEADER 00000naa a2200000 4500
001 r041015
005 20230825084641.3
041 0 |a slo 
044 |a SK 
245 1 0 |a Vybrané otázky verejného záujmu v regionálnej hromadnej doprave osôb  |c Stanislav Hreusík, Mária Štefániková 
520 |a Zameranie dopravnej politiky na úrovni miestnej verejnej správy v oblasti uplatňovania verejného záujmu. Výhľadové determinanty verejného záujmu z hľadiska zodpovednosti za jeho napĺňanie. Vzťahové parametre dopravného trhu. Možnosti zo strany dopravcu a objednávateľa. 
610 2 0 |a politika dopravná 
610 2 0 |a regióny 
610 2 0 |a preprava 
610 2 0 |a trh 
610 2 0 |a správa miestna 
610 2 0 |a správa verejná 
100 1 |a Hreusík, Stanislav 
700 1 |a Štefániková, Mária